[Event "RSA-ch op"]
[Site "Durban"]
[Date "2024.06.30"]
[Round "4"]
[White "Rampfumedzi, Mulanga"]
[Black "Ulloa Gonzalez, Luis Manuel"]
[Result "1/2-1/2"]
[WhiteElo "1436"]
[BlackElo "1935"]
[PlyCount "109"]
[EventDate "2024.06.29"]
[EventType "swiss"]
[EventRounds "11"]
[EventCountry "RSA"]
[SourceTitle "EXT 2025"]
[Source "ChessBase"]
[SourceDate "2024.10.14"]
[SourceVersion "1"]
[SourceVersionDate "2024.10.14"]
[SourceQuality "1"]

1. e4 c5 2. Nf3 Nc6 3. d4 cxd4 4. Nxd4 g6 5. Nxc6 bxc6 6. Qd4 Nf6 7. e5 Nd5 8. e6 f6 9. exd7+ Bxd7 10. Bc4 Qb6 11. Qxb6 axb6 12. Bxd5 cxd5 13. Be3 e5 14. c3 Bc5 15. Bxc5 bxc5 16. b3 Bf5 17. a4 0-0 18. Kd2 Rfb8 19. Ra3 Rb7 20. Kc1 Kf7 21. Nd2 Be6 22. Kb2 f5 23. Nf3 Kf6 24. h4 h6 25. a5 e4 26. Nd2 d4 27. Re1 Bd5 28. g3 g5 29. c4 Bc6 30. hxg5+ hxg5 31. a6 Re7 32. Ra5 e3 33. Rxc5 Rxa6 34. fxe3 dxe3 35. Nb1 e2 36. Nc3 Bf3 37. Nd5+ Bxd5 38. cxd5 f4 39. gxf4 gxf4 40. Rc2 Rd6 41. Rcxe2 Rxe2+ 42. Rxe2 Rxd5 43. Kc3 Kf5 44. Kc4 Rd1 45. b4 f3 46. Rf2 Ke4 47. b5 Ke3 48. Rh2 f2 49. Rxf2 Kxf2 50. b6 Ke3 51. Kc5 Ke4 52. b7 Rb1 53. Kc6 Ke5 54. Kc7 Rc1+ 55. Kb6 1/2-1/2